Country etymologies - Statistics

General Stats
  • This quiz has been taken 16 times
  • The average score is 11 of 20
Answer Stats
Hint Answer % Correct
Jordan A river
94%
Niger A river
94%
Australia A geographical location
81%
Timor-Leste A geographical location
81%
Philippines Someone
81%
Laos An ethnicity
75%
Bolivia Someone
69%
Saudi Arabia (only the "Arabia" part) A geographical location
63%
France An ethnicity
63%
D.R Congo A river
63%
Saudi Arabia (only the "Saudi" part) Someone
56%
Turkey An ethnicity
50%
Botswana An ethnicity
50%
Algeria A city
44%
Norway A geographical location
44%
Uruguay A river
44%
Morocco A city
19%
Togo A city
13%
Zimbabwe A city
13%
Peru Someone
6%
No matching quizzes found
Score Distribution
Percent of People with Each Score
Percentile by Number Answered
Your Score History
You have not taken this quiz